000
00360nam a2200169Ia 4500
100
_a
Ahuja/K.K
650
_a
Production Management
942
_c
BK
366
_f
20
654
_a
production management
245
_a
Production Management
260
_b
CBS
_c
2010
082
_a
658.5
_b
AHU
300
_a
970
546
_a
ENGLISH
_c
Info.Tech
999
_c
21485
_d
21485